000 004490000a22001810004500
003 LK-CoMWRAF
008 230817t ||||| |||| 00| 0 eng d
020 _a955955672X
040 _aLK-CoMWRAF
_dLK-CoMWRAF
_eLK-CoMWRAF
041 _aeng
082 _a750
_bSAL
100 _aSaleem, A.R.M
245 _aAkkaraipattu varalaru
_b
260 _aAkkaraipattu
_bFederation of all Mosques
_c1997
300 _ap.391
650 _ahistory
942 _cBK
999 _c2832
_d2832